2022 Colorado Rockies Roster w/ First Names - Statistics

General Stats
  • This quiz has been taken 7 times
  • The average score is 13 of 43
Answer Stats
First Last % Correct
C.J. Cron
86%
Charlie Blackmon
71%
German Marquez
71%
Kris Bryant
57%
Elias Diaz
57%
Austin Gomber
57%
Dinelson Lamet
57%
Antonio Senzatela
57%
Ezequiel Tovar
57%
Yonathan Daza
43%
Kyle Freeland
43%
Randal Grichuk
43%
Ryan McMahon
43%
Dom Nunez
43%
Brendan Rodgers
43%
Alan Trejo
43%
Daniel Bard
29%
Wynton Bernard
29%
Ty Blach
29%
Jhoulys Chacin
29%
Noah Davis
29%
Ryan Feltner
29%
Ashton Goudeau
29%
Connor Joe
29%
Chad Kuhl
29%
Elehuris Montero
29%
Chad Smith
29%
Jake Bird
14%
Alex Colome
14%
Lucas Gilbreath
14%
Garrett Hampson
14%
Sam Hilliard
14%
Gavin Hollowell
14%
Jose Iglesias
14%
Justin Lawrence
14%
Brian Serven
14%
Robert Stephenson
14%
Michael Toglia
14%
Sean Bouchard
0%
Carlos Estevez
0%
Tyler Kinley
0%
Jordan Sheffield
0%
Jose Urena
0%
No matching quizzes found
Score Distribution
Percent of People with Each Score
Percentile by Number Answered
Your Score History
You have not taken this quiz